| 000 | 00566 a2200193 4500 | ||
|---|---|---|---|
| 005 | 20240418161832.0 | ||
| 010 | _aB-758648 | ||
| 020 |
_a9780802776754 _c0.00 |
||
| 035 | _aB-758648 | ||
| 037 | _bGift/Unesco | ||
| 082 | _a071.3 | ||
| 245 |
_aThe Gay Talese / _cIntroduction by- Babara Lounsberry |
||
| 260 |
_aNew York _bWalker & Company _c2003 |
||
| 270 | _aNew York | ||
| 300 |
_a265p.; _c21cm. (pbk) |
||
| 700 |
_aLounsberry,Babara _964776 |
||
| 942 |
_adpl _cEN _2ddc _h071.3 _mTHE |
||
| 999 |
_c202275 _d202275 |
||